000 00257nam a22001097a 4500
008 170123b xxu||||| |||| 00| 0 eng d
020 _a9781449631741
041 _aeng
080 _22ND
_a618.2
245 _aNURSING INFORMATICS
_cMCGONIGLE, D
942 _2udc
_cBK
999 _c3415
_d3415